000 00440nam a2200181Ia 4500
008 210210b2019 xxu||||| |||| 00| 0 eng d
020 _a9789387537125
041 _aeng
082 _a659.1 KUMA
100 _aKUMAR (Hemant)
245 _aAdvertising management
260 _aNew Delhi
_bCrescent Publishing Co.,
_c2019
300 _a272
650 _amanagement
650 _aAdvertising
690 _aAdvertising
906 _a074265
999 _c124072
_d124072